Statistics for Name Deltarune Characters

Click here to take the quiz!

General Stats

  • This quiz has been taken 30 times
  • The average score is 29 of 57

Answer Stats

HintAnswer% Correct
Your brother in collegeAsriel
100%
Main CharacterKris
100%
Your motherToriel
100%
The teacherAlphys
96%
Prince from the darkRalsei
96%
Everybody is scared of herSusie
96%
The nice girlNoelle Holiday
92%
The Bad GuyLancer
88%
Everyones favorite number 1 rated salesman 1997Spamton G. Spamton
88%
A jerk of a birdBerdly
85%
The Clown Around TownJevil
85%
Has eggTem
85%
King of the darknersKing
81%
Robot with funny humorSerial Number Q5U4EX7YY2E9N
77%
The Duketh of PuzzlesRouxls Kaard
65%
Benching carsUndyne
65%
Big ShotSpamton NEO
62%
Bark! Bark!Annoying Dog
58%
RibbitFroggit
58%
Mom catCatty
54%
The old shopkeeperSeam
54%
CatTasque
54%
Manager of tasksTasque Manager
54%
CD PlayerK_K
50%
Ayay captainCap'n
46%
The cool snakeJockington
46%
Has a crownK. Round
46%
Alligator, hates catsBratty
42%
Support enemyHathy
42%
Depressed catCatti
38%
Three heads with dufferebt personalitiesClover
38%
A mouseMaus
38%
Clams.Pipis
38%
I hate ads!Poppup
38%
Doesnt care enough to quitRudinn
38%
The butlerSwatchling
38%
Part of a bandSweet
38%
All mixed upBloxer
35%
Innocent and cuteC. Round
35%
Lots of miceMauswheel
35%
Just trainingDummy
31%
My partner keeps turning around saying howdy partnerMonster Kid
31%
PawnsPonman
31%
Redder and a sharper knifeRudinn Ranger
31%
Cracks a few jokesSnowy
31%
Takes time out of his day to teach people how to fightVirovirokun
31%
Wee woo wee wooAmbyulance
27%
Im blue now!Head Hathy
27%
Forced to fightJigsawry
27%
Talks about politicsPolitics Bear
27%
Dust bunnyRabbick
27%
At a graveyard, looking at Boom's graveFather Alvin
23%
The ultimate group projectThrash Machine
23%
TiredWerewire
23%
Tires...but blue...Werewerewire
15%
Father of an emo catDad Cat
12%
Has a dinerDiner Shopkeeper
4%

Score Distribution

Percentile by Number Answered

Percent of People with Each Score

Your Score History

You have not taken this quiz